Dibujos franceses (Record no. 150295)

MARC details
000 -LEADER
campo de control de longitud fija 00701nam a2200205 i 4500
001 - NÚMERO DE CONTROL
campo de control 150295
003 - IDENTIFICADOR DE NÚMERO DE CONTROL
campo de control ES-MaACL
005 - FECHA Y HORA DE LA ÚLTIMA TRANSACCIÓN
campo de control 20250815121326.0
007 - CAMPO FIJO DE DESCRIPCIÓN FÍSICA--INFORMACIÓN GENERAL
campo de control de longitud fija t|
008 - DATOS DE LONGITUD FIJA--INFORMACIÓN GENERAL
campo de control de longitud fija 071029s1968 sp ||||1| spa d
100 1# - ENTRADA PRINCIPAL--NOMBRE DE PERSONA
Nombre de persona Vallery-Radot, Jean.
9 (RLIN) 112867
245 10 - MENCIÓN DEL TÍTULO
Título Dibujos franceses
Resto del título : desde el siglo XV a Géricault /
Mención de responsabilidad, etc. Jean Vallery-Radot ; [traducción de José Company].
260 ## - PUBLICACIÓN, DISTRIBUCIÓN, ETC.
Lugar de publicación, distribución, etc. Barcelona :
Nombre del editor, distribuidor, etc. Gustavo Gili,
Fecha de publicación, distribución, etc. [1968]
300 ## - DESCRIPCIÓN FÍSICA
Extensión 141 p., 48 lám. col., 1 h. pleg. ;
Dimensiones 24 cm.
490 1# - MENCIÓN DE SERIE
Mención de serie Los mejores dibujos del mundo
700 1# - ENTRADA AGREGADA--NOMBRE PERSONAL
Nombre de persona Company Bueno, José.
9 (RLIN) 40040
830 04 - PUNTO DE ACCESO ADICIONAL DE SERIE-TÍTULO UNIFORME
Título uniforme Los mejores dibujos del mundo
9 (RLIN) 221130
852 ## - LOCALIZACIÓN
Ubicación ES-MaACL
Número de control de estantería E-6260
Sublocalización o colección R.90729
Holdings
Estatus retirado Estado de pérdida Estado de daño No para préstamo Biblioteca de origen Biblioteca actual Ubicación en estantería Fecha de adquisición Fuente de adquisición Total de préstamos Signatura topográfica completa Código de barras Visto por última vez Precio de reemplazo Tipo de ítem Koha
        Biblioteca del Ateneo de Madrid Biblioteca del Ateneo de Madrid Depósito 2 17/01/2008     E-6260 1156829 23/02/2023 23/02/2023 Libro impreso